|
|
|
|
| LEADER |
00000nam0a2200000 4500 |
| 001 |
346564 |
| 005 |
20260407141301.0 |
| 010 |
|
|
|a 9785040970186
|
| 035 |
|
|
|a (RuTPU)RU\TPU\book\378446
|
| 090 |
|
|
|a 346564
|
| 100 |
|
|
|a 20211019d2019 m y0rusy50 ca
|
| 101 |
1 |
|
|a rus
|c eng
|
| 102 |
|
|
|a RU
|
| 105 |
|
|
|a y z 000ay
|
| 200 |
1 |
|
|a Мертвое озеро
|e [18+]
|e [НЕЗАКОННОЕ ПОТРЕБЛЕНИЕ НАРКОТИЧЕСКИХ СРЕДСТВ, ПСИХОТРОПНЫХ ВЕЩЕСТВ, ИХ АНАЛОГОВ ПРИЧИНЯЕТ ВРЕД ЗДОРОВЬЮ, ИХ НЕЗАКОННЫЙ ОБОРОТ ЗАПРЕЩЁН И ВЛЕЧЕТ УСТАНОВЛЕННУЮ ЗАКОНОДАТЕЛЬСТВОМ ОТВЕТСТВЕННОСТЬ]
|e пер. с англ.
|f Р. Кейн
|g пер. М. В. Смирновой
|
| 210 |
|
|
|a Москва
|c Эксмо
|d 2019
|
| 215 |
|
|
|a 350 с.
|
| 330 |
|
|
|a Прямо сейчас, пока вы читаете этот текст, сотни серийных убийц разгуливают на свободе. А что, если один из них — ваш муж? Что бы сделали вы, узнав, что в течение многих лет спите в одной постели с монстром? Джина Роял была хорошей женой и любящей матерью. У нее был уютный дом на Среднем Западе и двое замечательных дегей. Был у Джины и муж Мэл — обаятельный и успешный. Они были воплощением обычной американской семьи — такой, о какой только можно мечтать. Все это было... пока не открылась ужасная тайна Мэла... И вот уже Джина — не Джина, а Гвен Проктор, бывшая жена маньяка-убийцы, вынужденная скрываться со своими травмированными детьми. А Мэл отбывает пожизненный срок в тюрьме. Но и оттуда он предсташгяет для нее угрозу, тонко манипулируя не только поклонниками, но и врагами. И если Гвен-Джина не хочет, чтобы ее дети стали очередной жертвой кровавого монстра, ей придется научиться бороться со злом... Этот психологический триллер сразу стал мировым бестселлером. Он получил бешеную популярность по всему миру и немедленно поставил автора в первый ряд мастеров жанра.
|
| 488 |
|
1 |
|0 (RuTPU)RU\TPU\book\378448
|y 978-5-04-104549-4
|t Волчья река
|o пер. с англ.
|f Р. Кейн
|g пер. М. В. Смирновой
|c Москва
|n Эксмо
|d 2019
|p 382 с.
|
| 488 |
|
1 |
|0 (RuTPU)RU\TPU\book\378447
|y 978-5-04-100326-5
|t Темный ручей
|o пер. с англ.
|f Р. Кейн
|g пер. М. В. Смирновой
|c Москва
|n Эксмо
|d 2019
|p 414 с.
|a Кейн, Рейчел
|
| 606 |
1 |
|
|a Американская литература (англо-язычная литература)
|2 stltpush
|3 (RuTPU)RU\TPU\subj\28887
|9 52349
|
| 610 |
1 |
|
|a художественная литература
|
| 610 |
1 |
|
|a психологические триллеры
|
| 610 |
1 |
|
|a романы
|
| 610 |
1 |
|
|a трилогии
|
| 675 |
|
|
|a 82
|v 4
|
| 700 |
|
1 |
|a Кейн
|b Р.
|g Рейчел
|
| 702 |
|
1 |
|a Смирнова
|b М. В.
|4 730
|
| 801 |
|
1 |
|a RU
|b 63413507
|c 20211019
|
| 801 |
|
2 |
|a RU
|b 63413507
|c 20211112
|g RCR
|
| 830 |
|
|
|a *изданиеподлежащеемаркировке
|
| 942 |
|
|
|c BK
|